Fußballtrainer nach Stationen 3 - Statistiken

Allgemein
  • Dieses Quiz wurde 130 mal gespielt
  • Das Durchschnittsergebnis liegt bei 4 aus 20
Antwortstatistiken
aktive Profi-Jahre Mannschaften Trainer % Korrekt
2004- Lorca Deportiva, UD Almería, FC Valencia, Spartak Moskau, FC Sevilla, Paris Saint-Germain, FC Arsenal, FC Villareal Unai Emery
68%
2000-2020 SC Verl, VfB Lübeck, Alemannia Aachen, Hannover 96, 1. FC Nürnberg, VfL Wolfsburg, Borussia Mönchengladbach, Hamburger SV Dieter Hecking
61%
1990-2016 FC Augsburg, SpVgg Greuther Fürth, SSV Reutlingen 05, Hansa Rostock, FC Augsburg, VfB Stuttgart, VfL Wolfsburg, Hamburger SV, Eintracht Frankfurt, VfB Stuttgart, Eintracht Frankfurt Armin Veh
48%
1974-2015 TSV Stelingen, TSV Havelse, 1. SC Norderstedt, SC Freiburg, Urawa Red Diamonds, 1.FC Köln, Kamerun Volker Finke
39%
1971-2009 FC Carl Zeiss Jena, FC Rot-Weiß Erfurt, FC Karl-Marx-Stadt/Chemnitzer FC, FC Carl Zeiss Jena, 1. FC Union Berlin, FC Twente Enschede, Borussia Mönchengladbach, Hertha BSC, 1. FC Nürnberg, Borussia Mönchengladbach Hans Meyer
37%
1984-2014 TuS Haltern, Westfalia Weitmar, Rot-Weiss Essen, Alemannia Aachen, FC Schalke 04, Hertha BSC, 1. FC Saarbrücken, Hannover 96, 1. FC Köln, Fortuna Düsseldorf, Kickers Offenbach, LR Ahlen, VfL Bochum, Hannover 96, MSV Duisburg, VfL Bochum Peter Neururer
32%
1982-2021 Borussia Mönchengladbach II, Karlsruher SC, VfB Stuttgart, Tennis Borussia Berlin, Kamerun, Al-Ahli Dubai, Al Ain Club, FK Baku, Thailand, Muangthong United, Jamaika, Esteghlal Teheran, Baniyas SC, Al-Khor SC Winfried Schäfer
32%
1987-2004 Reggina Calcio, AC Parma, AC Perugia, Borussia Dortmund, Beşiktaş Istanbul, Schachtar Donezk, Spartak Moskau Nevio Scala
19%
1972-2008 SG Wattenscheid 09, DJK Gütersloh, Arminia Bielefeld, 1. FC Kaiserslautern, Borussia Dortmund, Arminia Bielefeld, Bayer 05 Uerdingen, Eintracht Frankfurt, Al Ahly Kairo, 1. FC Kaiserslautern, Galatasaray Istanbul, Beşiktaş Istanbul, Galatasaray Istanbul Karl-Heinz Feldkamp
12%
1949-1980 TSG Ulm 1846, Hannover 96, MSV Duisburg, Alemannia Aachen, VfR Mannheim, Hannover 96, Hertha BSC, Hannover 96, Hannover 96, Hertha BSC Helmut Kronsbein
9%
1976-1998 Olympique Lyon, Girondins Bordeaux, Montpellier HSC, AS Nancy, Frankreich Aimé Jacquet
8%
1962-1981 Honvéd Budapest, Debreceni VSC, Rheydter SV, 1. FC Kaiserslautern, MSV Duisburg, Tasmania Berlin, 1. FC Kaiserslautern, 1. FC Köln, Kickers Offenbach, Freiburger FC, PAOK Saloniki, Eintracht Frankfurt, FC Bayern München, FC Schalke 04, PAOK Saloniki Gyula Lóránt
7%
1974-2001 SSV Reutlingen 05, MSV Duisburg, Karlsruher SC, MSV Duisburg, Rot-Weiss Essen, VfL Bochum, FC Schalke 04, Bayer 05 Uerdingen, VfL Osnabrück, VfL Bochum, Fortuna Düsseldorf, BSV Stahl Brandenburg, Stuttgarter Kickers, Hannover 96, Dynamo Dresden, VfL Bochum Rolf Schafstall
7%
1958-1984 Hapoel Haifa, DOS Utrecht, 1. FC Köln, FC Bayern München, Hannover 96, Kickers Offenbach, NK Dinamo Zagreb, 1. FC Nürnberg, 1. FC Köln, Kickers Offenbach, AEK Athen, FC Züric, FC Grenchen, Grazer AK, AEK Athen, Apollon Kalamarias Zlatko Čajkovski
7%
1955-1978 Ipswich Town, England, Birmingham City Alf Ramsey
5%
1950-1986 Bremerhaven 93, Holstein Kiel, 1. FC Saarbrücken, Eintracht Braunschweig, (Holstein Kiel), Hannover 96, Röchling Völklingen, Tennis Borussia Berlin, Grasshopper Club Zürich, VfL Bochum, FC St. Gallen, FC St. Gallen Helmuth Johannsen
5%
1958-1996 VfR Heilbronn, SpVgg Neckarsulm, 1. FC Kaiserslautern, Eintracht Frankfurt, Fortuna Düsseldorf, 1. FC Kaiserslautern, Eintracht Frankfurt, Al Ahly Kairo, Ägypten, Liechtenstein Dietrich Weise
4%
1949-1982 Helmstedter SV, Niedersächsischer Fußballverband, SV Arminia Hannover, Fortuna Düsseldorf, Hannover 96, Preußen Münster, Schwarz-Weiß Essen, Fortuna Düsseldorf, Wuppertaler SV, Rot-Weiss Essen, 1. FC Nürnberg, Kickers Offenbach, Hamburger SV, Hertha BSC, Werder Bremen, MSV Duisburg Kuno Klötzer
4%
1961-2018 FC Vaduz, FC St. Gallen, FC Nordstern Basel, FC Moutier, FC Chur, Ruanda, Obervolta, Senegal, Elfenbeinküste, Zaire, Ghana, Bangladesch, Saudi-Arabien, Saudi-Arabien, Zamalek Kairo, CS Sfaxien, Al Nejmeh, Al-Masry, Togo, Al-Merrikh Khartum, Kamerun, Trinidad und Tobago, Al-Merrikh Khartum, USM Algier, Afghanistan Otto Pfister
3%
1970-1996 Schwarz-Weiß Essen, VfL Bochum, MSV Duisburg, Fortuna Düsseldorf, Ethnikos Piräus, PAOK Thessaloniki, Olympiakos Piräus, 1. FC Nürnberg, Al-Ittihad, VfB Lübeck Heinz Höher
2%
Keine übereinstimmenden Quizze gefunden
Verteilung der Resultate
Anzahl Personen mit jedem Resultat
Perzentil nach korrekt beantworteten Fragen
Ihre Resultats-Entwicklung
Sie haben dieses Quiz noch nicht gespielt